Cultura latina y revolución digital: matrices para pensar el espacio iberoamericano de comunicación
Gorde:
| Beste egile batzuk: | , , |
|---|---|
| Formatua: | Liburua |
| Hizkuntza: | gaztelania |
| Argitaratua: |
Barcelona
Gedisa
2011
|
| Edizioa: | 1a. ed |
| Saila: | Multimedia. Comunicología Latina, 31
|
| Gaiak: | |
| Etiketak: |
Etiketa erantsi
Etiketarik gabe, Izan zaitez lehena erregistro honi etiketa jartzen!
|
MARC
| LEADER | 00000cam a2200000 a 4500 | ||
|---|---|---|---|
| 001 | UCF2227 | ||
| 003 | CL-VaPUC | ||
| 005 | 20241004144242.0 | ||
| 008 | 120810e20110100SP |||||||||||||||||spa|d | ||
| 999 | |c 348827 |d 348825 | ||
| 020 | |a 9788497845908 | ||
| 040 | |c Pontificia Universidad Católica de Valparaíso | ||
| 082 | 0 | 4 | |a 302.23 |b VAL |2 21 |
| 100 | 1 | |a Valle, Carlos del |e editor |9 868446 | |
| 245 | 1 | 0 | |a Cultura latina y revolución digital: matrices para pensar el espacio iberoamericano de comunicación |
| 250 | |a 1a. ed | ||
| 260 | |a Barcelona |b Gedisa |c 2011 | ||
| 300 | |a 234 p | ||
| 490 | 0 | |a Multimedia. Comunicología Latina, 31 | |
| 583 | |a last modification |c 20120810 11:35:00 |k Rodrigo Vera | ||
| 650 | 0 | |a Cambio social |9 256857 | |
| 650 | 0 | |a Industria cultural |9 563526 | |
| 650 | 0 | |a Integración social |9 319662 | |
| 700 | |a Moreno Gálvez, Francisco Javier |e editor |9 868447 | ||
| 700 | |a Sierra Caballero, Francisco |e editor |9 868448 | ||
| 942 | |c BK |2 ddc | ||
| 945 | |d 20120810 00:00:00 |a dcastane | ||
| 952 | |0 0 |1 0 |4 0 |6 302_230000000000000_VAL_2011 |7 0 |8 A |9 451058 |a BIBING |b BIBING |d 2019-11-22 |i 4874153 |o 302.23 VAL 2011 |p 4874153 |r 2025-01-20 |w 2019-11-22 |y BK |k CUI | ||
| 952 | |0 0 |1 0 |3 erb |4 0 |6 302_230000000000000_VAL_2011 |7 0 |8 A |9 451059 |a BIBCUR |b BIBCUR |i 5511577 |l 2 |o 302.23 VAL 2011 |p 5511577 |r 2025-04-22 |s 2022-06-09 |w 2019-11-22 |y BK |z Catalogado en:20181031 |k PER | ||